Aktivizér - moderné online vyhľadávanie aktivít

Saved in:
Bibliographic Details
Main Author: Ljudvigová, Ivana
Format: Book Chapter
Language:Slovak
Subjects:
Tags: Add Tag
No Tags, Be the first to tag this record!

MARC

LEADER 00000naa$a2200000$$$4500
001 0225871
005 20240502073715.3
041 0 |a slo 
044 |a SK 
245 1 0 |a Aktivizér - moderné online vyhľadávanie aktivít  |c Ivana Ljudvigová 
610 2 0 |a štúdie prípadové 
610 2 0 |a start-up 
610 2 0 |a čas voľný 
610 2 0 |a internet 
610 2 0 |a šport 
610 2 0 |a kultúra 
100 1 |a Ljudvigová, Ivana